000 00537nmm a2200169Ia 4500
008 251105s9999||||xx |||||||||||||||||und||
020 _a9789585001138
041 _aspa
100 _aVV. AA.
245 0 _aColombia conectada :
_b El "Tíbet de Sudamérica" en perspectiva global, siglos XIX y XX
264 _a[Bogotá, Colombia] :
_bUniversidad del Rosario,
_c2023
300 _a482 páginas
490 _aCiencias Humanas
650 _aHistory (General)
856 _uhttps://public.digitaliapublishing.com/a/127802
942 _cCF
999 _c95112
_d95112